Fr. Conceicao Rodrigues College of Engineering

Principles of Electromagnetics (Record no. 30182)

MARC details
000 -LEADER
fixed length control field 00409nam a2200181Ia 4500
082 ## - DEWEY DECIMAL CLASSIFICATION NUMBER
Classification number 530.141
Item number SAD
100 ## - MAIN ENTRY--PERSONAL NAME
Personal name Sadiku/Matthew/N.O
250 ## - EDITION STATEMENT
Edition statement 4
245 ## - TITLE STATEMENT
Title Principles of Electromagnetics
260 ## - PUBLICATION, DISTRIBUTION, ETC.
Name of publisher, distributor, etc. Oxford university press
Date of publication, distribution, etc. 2009
366 ## - TRADE AVAILABILITY INFORMATION
Publishers's discount category 25
300 ## - PHYSICAL DESCRIPTION
Extent 734
546 ## - LANGUAGE NOTE
Language note ENGLISH
-- Computers
650 ## - SUBJECT ADDED ENTRY--TOPICAL TERM
Topical term or geographic name entry element Electromagnetics
654 ## - SUBJECT ADDED ENTRY--FACETED TOPICAL TERMS
Focus term electromagnetics
942 ## - ADDED ENTRY ELEMENTS (KOHA)
Koha item type BOOK
Holdings
Withdrawn status Lost status Damaged status Not for loan Collection Home library Current library Date acquired Source of acquisition Cost, normal purchase price Inventory number Total Checkouts Full call number Barcode Date last seen Date last checked out Cost, replacement price Price effective from Koha item type
        CRC Fr. Agnel's C.Rodrigues College of Engineering AGNEL TECHNICAL COLLEGE LIBRARY 17/03/2023 Allied Publishers 393.75 462 dt 26.06.2014 1 530.141 SAD 23303 04/02/2025 15/01/2025 525.00   BOOK
        CRC Fr. Agnel's C.Rodrigues College of Engineering Fr. Agnel's C.Rodrigues College of Engineering 17/03/2023 Allied Publishers 393.75 462 dt 26.06.2014 2 530.141 SAD 23301 12/02/2025 20/01/2025 525.00   BOOK
        CRC Fr. Agnel's C.Rodrigues College of Engineering Fr. Agnel's C.Rodrigues College of Engineering 17/03/2023 Allied Publishers 393.75 462 dt 26.06.2014 2 530.141 SAD 23302 30/01/2025 29/01/2025 525.00   BOOK
        CRC Fr. Agnel's C.Rodrigues College of Engineering Fr. Agnel's C.Rodrigues College of Engineering 17/03/2023 Allied Publishers 393.75 462 dt 26.06.2014 2 530.141 SAD 23304 30/01/2025 15/01/2025 525.00   BOOK
        CRC Fr. Agnel's C.Rodrigues College of Engineering Fr. Agnel's C.Rodrigues College of Engineering 17/03/2023 Allied Publishers 393.75 462 dt 26.06.2014   530.141 SAD 23305 17/03/2023   525.00   BOOK